Khoa học và công nghệ Đồng Nai và các mục tiêu vươn tới đỉnh cao
שמור ב:
| מחבר ראשי: | |
|---|---|
| פורמט: | ספר |
| שפה: | Undetermined |
| נושאים: | |
| גישה מקוונת: | http://lrc.tdmu.edu.vn/opac/search/detail.asp?aID=2&ID=35712 |
| תגים: |
הוספת תג
אין תגיות, היה/י הראשונ/ה לתייג את הרשומה!
|
| Thư viện lưu trữ: | Trung tâm Học liệu Trường Đại học Thủ Dầu Một |
|---|
| LEADER | 00584nam a2200133Ia 4500 | ||
|---|---|---|---|
| 001 | TDMU_35712 | ||
| 008 | 210410s9999 xx 000 0 und d | ||
| 082 | |a 415 | ||
| 100 | |a Trần, Thị Dung | ||
| 245 | 0 | |a Khoa học và công nghệ Đồng Nai và các mục tiêu vươn tới đỉnh cao | |
| 300 | |a Tr.40-42 | ||
| 650 | |a Khoa học Công nghệ; Đồng Nai; Hoạt động khoa học; Phát triển kinh tế | ||
| 856 | |u http://lrc.tdmu.edu.vn/opac/search/detail.asp?aID=2&ID=35712 | ||
| 980 | |a Trung tâm Học liệu Trường Đại học Thủ Dầu Một | ||